Patricians and popolani : the social foundations of the Venetian Renaissance state /

Bibliographic Details
Main Author: Romano, Dennis, 1951-
Format: Book
Language:English
Published: Baltimore : Johns Hopkins University Press, [1987]
Subjects:

MARC

Tag First Indicator Second Indicator Subfields
LEADER 00000cam a22000008a 4500
001 in00000007537
005 20151005090023.0
008 870407s1987 mduab b 00110 eng
010 |a  87002826  
020 |a 0801835135 (alk. paper) 
035 |a (OCoLC)15591636 
035 |9 AAA2032AM 
040 |a DLC  |c DLC  |d m/c  |d TXA  |d UtOrBLW 
043 |a e-it--- 
049 |a TXAM  |c [A12618125] 
050 0 0 |a HN490.S6  |b R63 1987 
082 0 |a 305.5/0945/31  |2 19 
100 1 |a Romano, Dennis,  |d 1951- 
245 1 0 |a Patricians and popolani :  |b the social foundations of the Venetian Renaissance state /  |c Dennis Romano. 
263 |a 8712 
264 1 |a Baltimore :  |b Johns Hopkins University Press,  |c [1987] 
264 4 |c ©1987 
300 |a xiv, 220 pages :  |b illustrations, maps. 
336 |a text  |b txt  |2 rdacontent 
337 |a unmediated  |b n  |2 rdamedia 
338 |a volume  |b nc  |2 rdacarrier 
504 |a Bibliography: pages [199]-220. 
500 |a Includes index. 
650 0 |a Social classes  |z Italy  |z Venice  |x History. 
650 0 |a Social structure  |z Italy  |z Venice  |x History. 
650 0 |a Community organization  |z Italy  |z Venice  |x History. 
651 0 |a Venice (Italy)  |x History  |y 697-1508. 
999 |a MARS 
999 f f |s 23f9ca94-0f6f-3551-8146-6dc509851d57  |i 19983966-14db-3d70-942a-cf2da832b68e  |t 0 
952 f f |p ric  |a Texas A&M University  |b Rellis Campus  |c Joint Library Facility  |d Remote Storage  |t 0  |e HN490.S6 R63 1987  |h Library of Congress classification  |i unmediated -- volume  |m A14812618125 
998 f f |a HN490.S6 R63 1987  |t 0  |l Remote Storage